000 01004nam a2200277Ia 4500
001 ebr10064789
003 CaPaEBR
005 20170310104859.0
006 m u
007 cr cn|||||||||
008 031008s2003 nyua s 000 0 eng d
035 _a(OCoLC)559778206
040 _aCaPaEBR
_cCaPaEBR
050 1 4 _aE183.8.B9
_bB87 2003eb
245 0 0 _aBurma
260 _aNew York, NY :
_bCouncil on Foreign Relations Press,
_cc2003.
300 _aviii, 62 p. :
_bill.
533 _aElectronic reproduction.
_bPalo Alto, Calif. :
_cebrary,
_d2009.
_nAvailable via World Wide Web.
_nAccess may be limited to ebrary affiliated libraries.
650 0 _aInternational relations.
651 0 _aUnited States
_xForeign relations
_zBurma.
655 7 _aElectronic books.
_2local
700 1 _aFalco, Mathea.
710 2 _aebrary, Inc.
856 4 0 _uhttp://site.ebrary.com/lib/rucke/Doc?id=10064789
_zAn electronic book accessible through the World Wide Web; click to view
942 _2lcc
_cBK
999 _c256254
_d256253